| 000 | 01239nam a2200325Ia 4500 | ||
|---|---|---|---|
| 001 | 17588 | ||
| 003 | IT-RoPAU | ||
| 008 | 130308s9999 xx 000 0 und d | ||
| 040 | _aIT-RoPAU | ||
| 040 | _cIT-RoPAU | ||
| 041 | _aITALIANO | ||
| 100 | _aCaprioli Franco | ||
| 100 | _gCodice Aut. SPICS: 8469 | ||
| 245 | _aViolatori del blocco (I) e altri racconti di mare | ||
| 245 | _bViolatori del blocco (I) e Altri Racconti di Mare | ||
| 250 | _a1a ed. | ||
| 260 | _aMILANO | ||
| 260 | _bEp/Famiglia Cristiana | ||
| 260 | _c1972 [1° Ed.:1972 - Ed.Ling.Originale:1972] | ||
| 300 | _a"44 p. (prefazione: no ; testo: 44)" | ||
| 500 | _a1. Otto giorni su una zattera (Da un Racconto di Mark Twain)2. I Corsari del Rio Grande del Sud (Dalle memorie di Garibaldi)3. Una Discesa nel Maelstrom (Dal Racconto di Edgar Allan Poe)4. Capitan Gambedilegno (Raccontata da Mario Basari)5. I Violatori del blocco (Dal Racconto di Giulio Verne)Fumetti di Avventure Disegni di Franco Caprioli Testi di Renata Gelardini | ||
| 650 | _aAUTORI/OPERE DI FUMETTO | ||
| 650 | _eCodice materia Spics: 6707 | ||
| 700 | _aGelardini Renata | ||
| 700 | _gCodice Aut. SPICS: 6202 | ||
| 942 | _cBK | ||
| 957 | _71 | ||
| 999 |
_c70287 _d70287 |
||
| 999 | _bSI | ||
| 999 | _g1 | ||